grass type pokémon - Statistics

General Stats
  • This quiz has been taken 6 times
  • The average score is 49 of 130
Answer Stats
Answer % Correct
bulbasaur
100%
bayleef
67%
bellsprout
67%
celebi
67%
chikorita
67%
electrode
67%
gloom
67%
ivysaur
67%
meganium
67%
oddish
67%
paras
67%
parasect
67%
tangela
67%
venusaur
67%
victreebel
67%
vileplume
67%
voltorb
67%
abomasnow
33%
amoonguss
33%
appletun
33%
applin
33%
arboliva
33%
bellossom
33%
bounsweet
33%
brambleghast
33%
bramblin
33%
breloom
33%
brute bonnet
33%
budew
33%
cacnea
33%
cacturne
33%
calyrex
33%
capsakid
33%
carnivine
33%
cherrim
33%
cherubi
33%
chesnaught
33%
chespin
33%
cottonee
33%
cradily
33%
dartrix
33%
decidueye
33%
deerling
33%
dhelmise
33%
dipplin
33%
dolliv
33%
eldegoss
33%
exeggcute
33%
exeggutor
33%
ferroseed
33%
ferrothorn
33%
flapple
33%
floragato
33%
fomantis
33%
foongus
33%
gogoat
33%
gossifleur
33%
gourgeist
33%
grookey
33%
grotle
33%
grovyle
33%
hoppip
33%
hydrapple
33%
iron leaves
33%
jumpluff
33%
kartana
33%
leafeon
33%
leavanny
33%
lileep
33%
lilligant
33%
lombre
33%
lotad
33%
ludicolo
33%
lurantis
33%
maractus
33%
meowscarada
33%
morelull
33%
nuzleaf
33%
ogerpon
33%
pansage
33%
petilil
33%
phantump
33%
poltchageist
33%
pumpkaboo
33%
quilladin
33%
rillaboom
33%
roselia
33%
roserade
33%
rotom
33%
rowlet
33%
sawsbuck
33%
sceptile
33%
scovillain
33%
seedot
33%
serperior
33%
servine
33%
sewaddle
33%
shaymin
33%
shiftry
33%
shiinotic
33%
shroomish
33%
simisage
33%
sinistcha
33%
skiddo
33%
skiploom
33%
smoliv
33%
snivy
33%
snover
33%
sprigatito
33%
steenee
33%
sunflora
33%
sunkern
33%
swadloon
33%
tangrowth
33%
tapu bulu
33%
thwackey
33%
toedscool
33%
toedscruel
33%
torterra
33%
treecko
33%
trevenant
33%
tropius
33%
tsareena
33%
turtwig
33%
virizion
33%
weepinbell
33%
whimsicott
33%
wo-chien
33%
wormadam
33%
zarude
33%
No matching quizzes found
Score Distribution
Percent of People with Each Score
Percentile by Number Answered
Your Score History
You have not taken this quiz